| 000 | 00730nam a2200289Ia 4500 | ||
|---|---|---|---|
| 001 | Z_4993 | ||
| 003 | CHAP | ||
| 005 | 20220920191753.0 | ||
| 008 | 220113s1999 xx 000 0 und d | ||
| 010 | _a168049 | ||
| 040 | _cCHAP | ||
| 082 | _aA-10 | ||
| 100 |
_aAgrovídeo International _9142304 |
||
| 245 |
_aCultivo de alfalfa / _cpor Agrovídeo International |
||
| 260 |
_aMéxico, D. F. : _bAgrovídeo, _c1999 |
||
| 300 | _a1 Videocassette VHS | ||
| 440 |
_acultivos anuales _9142313 |
||
| 500 | _aDuración 38 min. | ||
| 503 | _aC/E | ||
| 650 | _aAlfalfa | ||
| 650 |
_aEducación audiovisual I. t. _9142301 |
||
| 901 | _aA-10 | ||
| 902 | _aA | ||
| 910 | _a1999 | ||
| 942 |
_cV _2local |
||
| 942 |
_cV _2local |
||
| 999 |
_c168049 _d168049 |
||